|
|
|
|
| LEADER |
01097nam a2200289 u 4500 |
| 001 |
10040958 |
| 003 |
upatras |
| 005 |
20210117195921.0 |
| 008 |
010906s1994 us eng |
| 020 |
|
|
|a 0300059868
|
| 040 |
|
|
|a GR-PaULI
|c GR-PaULI
|
| 041 |
0 |
|
|a eng
|
| 082 |
0 |
4 |
|a 709.04
|
| 100 |
1 |
|
|a Harrison, Charles
|9 28541
|
| 245 |
1 |
0 |
|a English art and modernism
|b 1900-1939
|c Charles Harrison
|
| 260 |
|
|
|a New Haven
|b Yale University Press
|c 1994
|
| 300 |
|
|
|a xii, 417 p.
|b phot.
|c 21 cm.
|
| 500 |
|
|
|a With a new introduction
|
| 504 |
|
|
|a Includes bibliography and index
|
| 650 |
|
4 |
|a Τέχνη
|z Μεγάλη Βρετανία
|9 6462
|
| 650 |
|
4 |
|a Μοντερνισμός (Τέχνη)
|9 8129
|
| 650 |
|
4 |
|9 6238
|a Τέχνη
|y 20ός αιώνας.
|
| 852 |
|
|
|a GR-PaULI
|b ΠΑΤΡΑ
|b ΑΡΧΙΤΕΚΤΟΝΙΚΗ
|k ΑΣΧΞ-2
|h 709.04 H
|m 002144
|p 025000095133
|t 1
|
| 942 |
|
|
|2 ddc
|c BK15
|
| 952 |
|
|
|0 0
|1 0
|2 ddc
|4 0
|6 709_040000000000000_HAR
|7 0
|9 28257
|a ARCH
|b ARCH
|d 2016-04-24
|i 002144
|l 0
|o 709.04 HAR
|p 025000095133
|r 2016-04-24 00:00:00
|t 1
|w 2016-04-24
|y BK15
|
| 998 |
|
|
|c MANIAKH
|d 2001-09
|
| 999 |
|
|
|c 17966
|d 17966
|